000 00630nam a2200181 i 4500
001 118836
003 ES-MaACL
005 20230906191205.0
007 t|
008 070214s1956 sp r ||||1| spa d
100 1 _aPérez Carmona, José.
_990706
245 1 0 _aAbsides románicos en la Provincia de Burgos /
_cpor José Pérez Carmona.
260 _aBurgos :
_bHijos de S. Rodríguez,
_c1956.
300 _a59 p. lám. I-XVIII. 1 gráf. ;
_c23 cm.
500 _aPrecede al tit. : Seminario Metropolitano de Burgos.
650 4 _aArquitectura románica-
_zBurgos (Provincia)
_9170154
852 _aES-MaACL
_j1977-F-26
_bR.38800
999 _c118836
_d118836